Bandolerismo y delincuencia subversiva en la baja Andalucía / (Record no. 183639)

MARC details
000 -LEADER
campo de control de longitud fija 00544nam a2200157 i 4500
001 - NÚMERO DE CONTROL
campo de control 183639
003 - IDENTIFICADOR DE NÚMERO DE CONTROL
campo de control ES-MaACL
005 - FECHA Y HORA DE LA ÚLTIMA TRANSACCIÓN
campo de control 20230910063057.0
008 - DATOS DE LONGITUD FIJA--INFORMACIÓN GENERAL
campo de control de longitud fija 140911s1912 sp |||| | spa d
100 1# - ENTRADA PRINCIPAL--NOMBRE DE PERSONA
Nombre de persona Bernaldo de Quirós, Constancio,
Fechas asociadas al nombre 1873-1959
9 (RLIN) 28215
245 10 - MENCIÓN DEL TÍTULO
Título Bandolerismo y delincuencia subversiva en la baja Andalucía /
Mención de responsabilidad, etc. por Constancio Bernaldo de Quirós y Pérez.
260 ## - PUBLICACIÓN, DISTRIBUCIÓN, ETC.
Lugar de publicación, distribución, etc. Madrid :
Nombre del editor, distribuidor, etc. [s.n.],
Fecha de publicación, distribución, etc. 1912.
650 #4 - PUNTO DE ACCESO ADICIONAL DE MATERIA--TÉRMINO DE MATERIA
Término de materia o nombre geográfico como elemento de entrada Bandolerismo-
Subdivisión geográfica Andalucía.
9 (RLIN) 155454
852 ## - LOCALIZACIÓN
Ubicación ES-MaACL
Número de control de estantería T-1244-F-4
Holdings
Estatus retirado Estado de pérdida Estado de daño No para préstamo Colección Biblioteca de origen Biblioteca actual Ubicación en estantería Fecha de adquisición Fuente de adquisición Total de préstamos Signatura topográfica completa Código de barras Visto por última vez Precio de reemplazo Tipo de ítem Koha
        Colección de folletos Biblioteca del Ateneo de Madrid Biblioteca del Ateneo de Madrid Depósito folletos 11/09/2014     T-1244-F-4 1193053 23/02/2023 23/02/2023 Folleto